Strategy and Structure Chapters in the History of the Industrial Enterprise

Guardado en:
Detalles Bibliográficos
Autor principal: Chandler, Alfred D.
Formato: Libro
Lenguaje:inglés
Publicado: Cambridge MIT Press 1990
Edición:1. ed.
Etiquetas: Agregar Etiqueta
Sin Etiquetas, Sea el primero en etiquetar este registro!

MARC

LEADER 00000nam a2200000 4500
001 c025029
005 20221215114504.3
041 0 |a eng 
044 |a US 
245 1 0 |a Strategy and Structure  |b Chapters in the History of the Industrial Enterprise  |c Alfred D. Chandler 
250 |a 1. ed. 
264 1 |a Cambridge  |b MIT Press  |c 1990 
300 |a 463 s. 
100 1 |a Chandler, Alfred D.